| 000 | 00899nam a22002057a 4500 | ||
|---|---|---|---|
| 003 | AM-YeHGA | ||
| 005 | 20250617154128.0 | ||
| 008 | 180522s1944 ru ||||| |||| 00| 0 rus d | ||
| 040 | _aAM-YeHGA | ||
| 041 | 0 | _arus | |
| 100 | 1 | _aМарков, Дмитрий Петрович | |
| 245 | 1 | 0 |
_aЛыжи : _bУчебное пособие по лыжному спорту / _cД. П. Марков, майор В. Г. Калашников; Всесоюз. ком. по делам физкультуры и спорта при Совнаркоме Союза ССР |
| 260 |
_aМосква : _bФизкультура и спорт, _c1944. |
||
| 300 |
_a110 с. : ил.; _b _c14 см. |
||
| 440 | 0 | _aУчебное пособие для спортивных секций | |
| 650 | 1 | 4 | _aЛыжный спорт |
| 700 | 1 | _aКалашников, В. Г. | |
| 942 |
_2udc _cBK |
||
| 090 | _c407618 | ||
| 999 |
_c405372 _d405372 |
||